| 000 | 00370nam a2200157Ia 4500 | ||
|---|---|---|---|
| 003 | OSt | ||
| 008 | 200919s9999||||xx |||||||||||||| ||und|| | ||
| 020 | _a81471302319 | ||
| 041 | _amal | ||
| 082 |
_a894.812 3 _bMUK/MA |
||
| 100 |
_aMukundan M _95444 |
||
| 245 | 0 | _aMayyazhippuzhayute Theerangalil | |
| 260 |
_aKottayam _bD C Books _c1994 |
||
| 300 | _a323p | ||
| 942 | _cBK | ||
| 999 |
_c17680 _d17680 |
||